[Event "Chinese Chess League Men 2019"]
[Site "Daqing"]
[Date "2019.06.21"]
[Round "3.9"]
[White "Dai, Changren"]
[Black "Lu, Shanglei"]
[Result "1-0"]
[WhiteElo "2480"]
[BlackElo "2624"]
[Annotator "TA"]
[PlyCount "59"]
[EventDate "2019.06.19"]
[EventType "team-tourn"]
[EventCountry "CHN"]
[SourceTitle "playchess.com"]
[Source "ChessBase"]
[SourceQuality "1"]

{[%evp 14,121,22,43,75,29,22,16,87,85,183,179,184,183,176,179,183,175,184,160,166,106,115,114,177,178,225,210,191,176,205,147,241,171,165,114,229,228,236,255,252,252,249,236,240,243,224,161,150,149,213,213,242,227,312,313,332,307,308,283,283,283,283,283,408,283,283,283,283,283,283,283,283,283,279,266,308,246,308,283,308,283,246,246,474,474,483,473,473,466,484,470,473,387,387,466,737,725,725,718,718,718,703,696,690,663,737,555,508,478]} 1. e4 e6 2. d4 d5 3. Nc3 dxe4 4. Nxe4 Nd7 {[%cal Bb8d7,Bd7f6,Bf6d5][%mdl 32]} 5. Nf3 Ngf6 6. Bd3 c5 7. Nxf6+ Nxf6 8. Be3 Nd5 {C10: French with 3 Nc3: Unusual Black 3rd moves and 3...dxe4} (8... Qc7 9. Qe2 a6 10. O-O b6 11. c4 cxd4 12. Bxd4 Bb7 13. Ne5 Bc5 14. Bc3 Rd8 15. Rad1 Bd4 16. Bxd4 Rxd4 {½-½ (53) Wei,Y (2739)-Ivanchuk,V (2729) Medias 2017}) 9. Ne5 a6 10. Qf3 {[%csl Ge5][%cal Rf3f7] [#]} Qf6 $146 (10... Qc7 $11 {remains equal.}) ({Predecessor:} 10... Qc7 11. O-O Bd6 12. Rae1 Bxe5 13. dxe5 Qxe5 14. Bxc5 Qg5 15. h4 Qd8 16. Be4 Nf6 17. Bxb7 Bxb7 18. Qxb7 Qc8 19. Qe7# {1-0 (19) Butschek,T (2034)-Fox,J (1626) Olpe 2005}) 11. Qg3 $16 {Black must now prevent Bg5.} h6 (11... g6 $16) 12. dxc5 $18 Nxe3 13. Qxe3 g5 14. g3 ({Worse is} 14. Qd4 Bg7 $14) 14... Bg7 15. f4 gxf4 16. gxf4 {Hoping for 0-0-0.} Qh4+ {[#]} 17. Qg3 ({Better is} 17. Kd2 $1 $18) 17... Qxg3+ $16 18. hxg3 Rg8 (18... Bxe5 $16 19. fxe5 Bd7) 19. Bh7 $36 {[%mdl 2048] White is on the roll.} Bxe5 20. Bxg8 Bxb2 21. Rd1 Bg7 22. Kf2 Ke7 (22... e5 $16) 23. Rhe1 a5 24. Rd3 (24. Re3 $18) 24... a4 (24... b5 $16) 25. Red1 Ra5 26. c6 $1 {[%cal Rc6b7]} bxc6 27. Rd8 Ra8 28. Bh7 {And now Be4 would win.} c5 29. Be4 Rb8 30. Kf3 {Played: Rd1-d7} 1-0

[Event "Chinese Chess League Men 2019"]
[Site "Daqing"]
[Date "2019.06.21"]
[Round "3.10"]
[White "Xu, Minghui"]
[Black "Li, Yankai"]
[Result "1/2-1/2"]
[WhiteElo "2368"]
[BlackElo "2432"]
[Annotator "NA RC"]
[PlyCount "60"]
[EventDate "2019.06.19"]
[EventType "team-tourn"]
[EventCountry "CHN"]
[SourceTitle "playchess.com"]
[Source "ChessBase"]
[SourceQuality "1"]
[TimeControl "5400+30"]

1. c4 {[%emt 0:00:00]} Nf6 {[%emt 0:00:00]} 2. Nc3 {[%emt 0:00:21]} e6 {[%emt 0:00:32]} 3. e4 {[%emt 0:01:09]} d5 {[%emt 0:00:07]} 4. e5 {[%emt 0:00:07]} d4 {[%emt 0:00:04]} 5. exf6 {[%emt 0:00:15]} dxc3 {[%emt 0:00:06]} 6. bxc3 {[%emt 0:01:03]} Qxf6 {[%emt 0:00:04]} 7. d4 {[%emt 0:02:59]} e5 {[%emt 0:01:55]} 8. Nf3 {[%emt 0:00:43]} Nc6 {[%emt 0:00:05]} 9. Bg5 {[%emt 0:03:26]} Qg6 {[%emt 0:00:06]} 10. d5 {[%emt 0:01:07]} Nb8 {[%emt 0:03:11]} 11. h4 {[%emt 0:00:42]} h6 {[%emt 0:00:16]} 12. Qe2 {[%emt 0:06:13]} hxg5 {[%emt 0:07:04]} 13. Nxe5 {[%emt 0:00:21]} Qh5 {[%emt 0:00:06]} 14. g4 {[%emt 0:03:16]} Bxg4 {[%emt 0:02:00]} 15. Nxg4+ {[%emt 0:00:13]} Kd8 {[%emt 0:00:09]} 16. Ne5 {[%emt 0:03:19]} Qxe2+ {[%emt 0:00:15]} 17. Kxe2 {[%emt 0:02:17]} Rxh4 {[%emt 0:00:30]} 18. Rxh4 {[%emt 0:03:23]} gxh4 {[%emt 0:01:56]} 19. Bh3 {[%emt 0:01:06]} Bd6 {[%emt 0:09:46]} 20. Nxf7+ {[%emt 0:00:17]} Ke7 {[%emt 0:00:09]} 21. Nxd6 {[%emt 0:00:10]} cxd6 {[%emt 0:00:04]} 22. Rg1 {[%emt 0:00:04]} Kf6 {[%emt 0:00:03]} 23. Rg4 {[%emt 0:01:07]} Nd7 {[%emt 0:00:51]} 24. Rxh4 {[%emt 0:01:34]} Re8+ {[%emt 0:00:23]} 25. Kd1 {[%emt 0:00:32]} Nc5 {[%emt 0:00:06]} 26. Rf4+ {[%emt 0:00:49]} Ke7 {[%emt 0:00:11]} 27. Rg4 {[%emt 0:04:16]} Kf6 {[%emt 0:00:14]} 28. Rf4+ {[%emt 0:00:07]} Ke7 {[%emt 0:00:04]} 29. Rg4 {[%emt 0:00:55]} Kf6 {[%emt 0:00:05]} 30. Rf4+ {[%emt 0:00:08]} Ke5 {[%emt 0:00:42]} 1/2-1/2

[Event "Chinese Chess League Men 2019"]
[Site "Daqing"]
[Date "2019.06.21"]
[Round "3.11"]
[White "Chu, Wei Chao"]
[Black "Lan, Zilun"]
[Result "1-0"]
[WhiteElo "2374"]
[BlackElo "2352"]
[Annotator "NA RC"]
[PlyCount "40"]
[EventDate "2019.06.19"]
[EventType "team-tourn"]
[EventCountry "CHN"]
[SourceTitle "playchess.com"]
[Source "ChessBase"]
[SourceQuality "1"]
[TimeControl "5400+30"]

1. d4 {[%emt 0:00:00]} Nf6 {[%emt 0:00:00]} 2. g3 {[%emt 0:00:00]} e6 {[%emt 0:00:00]} 3. Bg2 {[%emt 0:00:00]} d5 {[%emt 0:00:07]} 4. Nf3 {[%emt 0:00:00]} c5 {[%emt 0:00:25]} 5. O-O {[%emt 0:00:06]} Nc6 {[%emt 0:02:31]} 6. c4 {[%emt 0:00:13]} dxc4 {[%emt 0:06:44]} 7. Ne5 {[%emt 0:00:07]} Bd7 {[%emt 0:06:13]} 8. Na3 {[%emt 0:00:11]} cxd4 {[%emt 0:11:03]} 9. Naxc4 {[%emt 0:00:10]} Nxe5 {[%emt 0:05:27]} 10. Nxe5 {[%emt 0:00:09]} Qb6 {[%emt 0:00:10]} 11. Bf4 {[%emt 0:23:12]} Be7 {[%emt 0:08:03]} 12. Nxd7 {[%emt 0:12:10]} Nxd7 {[%emt 0:00:21]} 13. Qa4 {[%emt 0:00:05]} Bd6 {[%emt 0:06:48]} 14. Bxb7 {[%emt 0:12:01]} Qxb7 {[%emt 0:22:44]} 15. Bxd6 {[%emt 0:00:09]} Qd5 {[%emt 0:00:14]} 16. Ba3 {[%emt 0:01:03]} f6 {[%emt 0:00:05]} 17. Qb4 {[%emt 0:05:36]} Kf7 {[%emt 0:00:19]} 18. e4 {[%emt 0:00:05]} dxe3 {[%emt 0:04:29]} 19. Rad1 {[%emt 0:00:26]} exf2+ {[%emt 0:00:45]} 20. Kxf2 {[%emt 0:00:03]} Qc6 {[%emt 0:00:54]} 1-0

[Event "Chinese Chess League Men 2019"]
[Site "Daqing"]
[Date "2019.06.21"]
[Round "3.12"]
[White "Yu, Lie"]
[Black "Zhao, Zhouqiao CHN"]
[Result "1/2-1/2"]
[WhiteElo "2315"]
[BlackElo "2215"]
[Annotator "TA"]
[PlyCount "88"]
[EventDate "2019.06.19"]
[EventType "team-tourn"]
[EventCountry "CHN"]
[SourceTitle "playchess.com"]
[Source "ChessBase"]
[SourceQuality "1"]

{[%evp 10,88,0,-16,-12,-10,-13,-17,12,0,0,0,1,-15,-5,-18,-5,-6,0,-2,-12,-11,-6,-6,-20,-21,-9,-36,-12,-47,27,-58,-26,-31,0,0,0,0,0,0,0,13,2,7,77,65,54,38,116,51,50,47,72,71,130,95,102,0,-3,-54,-54,-60,-50,-53,0,0,0,0,0,0,0,0,0,0,0,0,0,-7,0,0,0]} 1. c4 e5 2. Nc3 Nf6 3. g3 Nc6 4. Bg2 Bb4 5. e4 O-O 6. Nge2 a5 {A25: English Opening vs King's Indian with ...Nc6 but without early d3} (6... d6 7. O-O Bc5 8. d3 a6 9. h3 b5 10. Kh2 bxc4 11. dxc4 Nd4 12. Qd3 a5 13. Be3 Nxe2 14. Qxe2 Nd7 15. Rad1 {½-½ (61) Klekowski,M (2506)-Wojtaszek,R (2724) Chorzow 2019}) 7. O-O Bc5 8. d3 Nd4 9. h3 d6 10. Kh2 c6 11. Be3 Rb8 12. Qd2 Nxe2 $146 ({Predecessor:} 12... b5 13. cxb5 cxb5 14. f4 h6 15. f5 Nxe2 16. Qxe2 Bxe3 17. Qxe3 {½-½ (40) Ardiansyah,H (2373)-Megaranto,S (2533) Jakarta 2011}) 13. Nxe2 Bxe3 14. Qxe3 b5 15. cxb5 Rxb5 16. b3 Rb4 17. Rac1 c5 18. f4 exf4 19. Rxf4 Be6 (19... Qe7 $15 20. Rff1 Bb7) 20. Rc3 (20. d4 $1 $11) 20... Nd7 21. d4 {[#] aiming for d5.} cxd4 22. Nxd4 Qb6 23. Nc6 Qxe3 24. Rxe3 Rb6 25. e5 dxe5 26. Nxe5 Nb8 (26... Rd6 $11) 27. Ra4 $36 {[%mdl 2048] Black is under pressure.} Rb5 28. Nc4 Bxc4 (28... Rb4 $1 $14 29. Nxa5 Rxa4 30. bxa4 Bxa2) 29. bxc4 (29. Rxc4 $16 Na6 30. a3) 29... Rc5 $14 30. Re7 g6 31. Ra7 Re5 (31... Rcc8 $142) 32. R4xa5 Re2 {[#] And now ...Nc6 would win.} 33. Rb7 ({White should try} 33. Kg1 $1 $16) 33... Nc6 $11 34. Ra6 (34. Rab5 $1 $11) 34... Rd8 $1 $15 {Strongly threatening ...Ne5.} 35. Kg1 Rd1+ 36. Bf1 $1 Ree1 (36... Ne5 $15 37. Rf6 Rxa2) 37. Rxc6 $11 {Threatens to win with Rf6.The position is equal.} Rxf1+ {[%mdl 4096] Endgame KRR-KRR} 38. Kg2 Rg1+ 39. Kf2 Rgf1+ 40. Kg2 Rg1+ 41. Kf2 Rgf1+ 42. Ke2 Rfe1+ 43. Kf3 Rf1+ 44. Kg2 Rg1+ {Accuracy: White = 51%, Black = 40%.} 1/2-1/2

[Event "Chinese Chess League Men 2019"]
[Site "Daqing"]
[Date "2019.06.22"]
[Round "4.1"]
[White "Yu, Yangyi"]
[Black "Xu, Xiangyu"]
[Result "1/2-1/2"]
[WhiteElo "2738"]
[BlackElo "2583"]
[Annotator "TA"]
[PlyCount "67"]
[EventDate "2019.06.19"]
[EventType "team-tourn"]
[EventCountry "CHN"]
[SourceTitle "playchess.com"]
[Source "ChessBase"]
[SourceQuality "1"]

{[%evp 9,67,6,16,0,0,0,27,0,0,0,0,0,0,-43,-25,-33,-48,-41,17,17,12,8,51,31,31,41,51,11,12,6,8,25,15,0,0,0,0,0,8,0,0,0,0,0,0,18,12,0,0,0,0,0,0,0,0,0,0,0,0,0]} 1. c4 b6 2. b3 Bb7 3. Bb2 Nf6 4. Nf3 g6 5. e3 Bg7 6. Be2 {A05: Réti Opening: 1 Nf3 Nf6} c5 7. O-O d5 (7... O-O 8. Nc3 d5 9. cxd5 Nxd5 10. Rc1 Nc6 11. Qc2 Ndb4 12. Qb1 Ba6 13. Bxa6 Nxa6 14. d4 cxd4 15. Nb5 Qd5 16. Nbxd4 Nxd4 17. Bxd4 {0-1 (67) Karjakin,S (2773)-So,W (2780) Saint Louis 2018}) 8. cxd5 {White has an edge.} O-O 9. Qc2 Qxd5 10. Nc3 Qd7 $146 ({Predecessor:} 10... Qd8 11. Rfd1 e6 12. d4 cxd4 13. Nxd4 Nbd7 14. Ndb5 Qb8 {1-0 (38) Davidovich,A-Szuber,G Ustrzyki Dolne 1996}) 11. Rac1 Nc6 12. Qb1 Rad8 13. Rfd1 Ng4 (13... e5 $15) 14. h3 $11 Nge5 15. Ne1 $36 {[%mdl 2048] White fights for an advantage.} f5 {[#]} 16. d4 $1 {[%mdl 512]} cxd4 17. Nb5 {[%cal Re3d4]} Nf7 18. Nxd4 (18. exd4 {with more complications.} Rc8 19. d5 Nb4 20. Bxg7 Kxg7 21. Bc4) 18... Nxd4 19. Bxd4 Bxd4 20. Rxd4 Qe6 {[#] Hoping for ...Rxd4.} 21. Rxd8 {The position is equal.} Rxd8 22. Rc7 Rd7 23. Bc4 Qd6 24. Rxd7 Qxd7 25. Qa1 Bd5 26. Qd4 Be6 27. Bxe6 Qxe6 28. Nd3 Qc6 29. a4 Kf8 30. a5 Qd6 31. Qxd6 Nxd6 32. axb6 axb6 33. Ne5 Ke8 34. Kf1 {Accuracy: White = 52%, Black = 74%.} 1/2-1/2

[Event "Chinese Chess League Men 2019"]
[Site "Daqing"]
[Date "2019.06.22"]
[Round "4.2"]
[White "Li, Di"]
[Black "Li, Chao b"]
[Result "1/2-1/2"]
[WhiteElo "2535"]
[BlackElo "2698"]
[Annotator "TA"]
[PlyCount "60"]
[EventDate "2019.06.19"]
[EventType "team-tourn"]
[EventCountry "CHN"]
[SourceTitle "playchess.com"]
[Source "ChessBase"]
[SourceQuality "1"]

{[%evp 21,60,10,39,6,18,15,10,10,12,13,2,0,0,0,0,0,0,0,0,0,0,0,0,0,0,0,0,0,0,0,0,0,0,0,0,0,0,0,0,0,0]} 1. d4 Nf6 2. c4 e6 3. Nf3 ({Predecessor:} 3. Nc3 d5 4. cxd5 Nxd5 5. e4 Nxc3 6. bxc3 c5 {½-½ (30) Xu,X (2588)-Lu,S (2634) Daqing 2018}) 3... c5 4. Nc3 d5 5. cxd5 Nxd5 6. e4 Nxc3 7. bxc3 cxd4 8. cxd4 Bb4+ 9. Bd2 Bxd2+ 10. Qxd2 O-O 11. Bc4 b6 12. O-O {D41: Queen's Gambit Declined: Semi-Tarrasch with 5 cxd5} Bb7 $146 {The position is equal.} (12... Nd7 13. e5 Bb7 14. Qe3 Rc8 15. Bd3 h6 16. Nd2 Qg5 17. Qxg5 hxg5 18. Ne4 Bxe4 19. Bxe4 Rc4 {½-½ (65) Nakamura,H (2777)-Hou,Y (2658) chess.com INT 2018}) 13. d5 exd5 14. Bxd5 Bxd5 15. exd5 Qd6 16. Rac1 Rd8 17. Rfd1 Na6 18. Rc6 Qxc6 19. dxc6 Rxd2 20. Rxd2 $11 {[%mdl 4096] Endgame KRN-KRN} Rc8 21. Rd7 Nb8 {[%mdl 64] [#] Double Attack} 22. Rxa7 {And now c7 would win.} Nxc6 23. Ra3 Nd4 {( -> ...Rc1+)} 24. g3 Nxf3+ 25. Rxf3 {KR-KR} Rc2 26. Rb3 Rxa2 27. Rxb6 {[%cal Rb6b8] [#]} g6 28. h4 h5 29. Kg2 Kg7 30. Rb4 Kg8 {Accuracy: White = 97%, Black = 76%.} 1/2-1/2

[Event "Chinese Chess League Men 2019"]
[Site "Daqing"]
[Date "2019.06.22"]
[Round "4.3"]
[White "Xiu, Deshun"]
[Black "Liu, Guanchu"]
[Result "1/2-1/2"]
[WhiteElo "2538"]
[BlackElo "2462"]
[Annotator "ChessBase"]
[PlyCount "71"]
[EventDate "2019.06.19"]
[EventType "team-tourn"]
[EventCountry "CHN"]
[SourceTitle "playchess.com"]
[Source "ChessBase"]
[SourceQuality "1"]
[TimeControl "5400+30"]

1. d4 {[%emt 0:00:00]} e6 {[%emt 0:00:27]} 2. c4 {[%emt 0:00:00]} Nf6 {[%emt 0:00:30]} 3. Nc3 {[%emt 0:00:03]} Bb4 {[%emt 0:00:32]} 4. Qc2 {[%emt 0:00:11]} O-O {[%emt 0:01:21]} 5. e4 {[%emt 0:00:11]} d5 {[%emt 0:00:34]} 6. e5 {[%emt 0:00:09]} Ne4 {[%emt 0:00:22]} 7. Bd3 {[%emt 0:00:17]} c5 {[%emt 0:00:42]} 8. Nf3 {[%emt 0:00:11]} cxd4 {[%emt 0:03:06]} 9. Nxd4 {[%emt 0:02:12]} Nd7 {[%emt 0:00:44]} 10. Bf4 {[%emt 0:00:17]} Qh4 {[%emt 0:04:35]} 11. g3 {[%emt 0:00:46]} Qh5 {[%emt 0:00:31]} 12. cxd5 {[%emt 0:05:36]} exd5 {[%emt 0:00:21]} 13. f3 {[%emt 0:00:24]} Bxc3+ {[%emt 0:02:43]} 14. bxc3 {[%emt 0:00:33]} Nec5 {[%emt 0:00:48]} 15. g4 {[%emt 0:29:02]} Nxd3+ {[%emt 0:03:20]} 16. Qxd3 {[%emt 0:01:28]} Nc5 {[%emt 0:00:23]} 17. Qe3 {[%emt 0:11:53]} Qg6 {[%emt 0:02:33]} 18. O-O {[%emt 0:00:09]} Bd7 {[%emt 0:03:08]} 19. Rad1 {[%emt 0:01:25]} Rac8 {[%emt 0:01:55]} 20. Bg3 {[%emt 0:07:27]} Na4 {[%emt 0:05:24]} 21. Rc1 {[%emt 0:00:08]} Rc4 {[%emt 0:02:44]} 22. h3 {[%emt 0:02:56]} Qb6 {[%emt 0:11:34]} 23. Bf2 {[%emt 0:05:20]} Rfc8 {[%emt 0:05:45]} 24. Ne2 {[%emt 0:00:06]} Qxe3 {[%emt 0:08:11]} 25. Bxe3 {[%emt 0:00:05]} Nxc3 {[%emt 0:00:45]} 26. Nxc3 {[%emt 0:00:07]} Rxc3 {[%emt 0:00:02]} 27. Rxc3 {[%emt 0:00:07]} Rxc3 {[%emt 0:00:02]} 28. Bxa7 {[%emt 0:00:06]} Ra3 {[%emt 0:00:25]} 29. Bd4 {[%emt 0:00:05]} Rxa2 {[%emt 0:03:31]} 30. Ra1 {[%emt 0:00:09]} Rxa1+ {[%emt 0:00:08]} 31. Bxa1 {[%emt 0:00:05]} h5 {[%emt 0:00:06]} 32. Kf2 {[%emt 0:01:08]} Kh7 {[%emt 0:01:57]} 33. Kg3 {[%emt 0:00:12]} Kg6 {[%emt 0:00:50]} 34. f4 {[%emt 0:00:17]} hxg4 {[%emt 0:00:51]} 35. hxg4 {[%emt 0:00:04]} f5 {[%emt 0:00:23]} 36. exf6 {[%emt 0:00:19]} 1/2-1/2

[Event "Chinese Chess League Men 2019"]
[Site "Daqing"]
[Date "2019.06.22"]
[Round "4.4"]
[White "Zhao, Yuanhe"]
[Black "Yuan, Qingyu"]
[Result "1/2-1/2"]
[WhiteElo "2444"]
[BlackElo "2355"]
[Annotator "NA"]
[PlyCount "75"]
[EventDate "2019.06.19"]
[EventType "team-tourn"]
[EventCountry "CHN"]
[SourceTitle "playchess.com"]
[Source "ChessBase"]
[SourceQuality "1"]
[TimeControl "5400+30"]

1. Nf3 {[%emt 0:00:00]} d5 {[%emt 0:00:00]} 2. d4 {[%emt 0:00:07]} Nf6 {[%emt 0:00:14]} 3. c4 {[%emt 0:00:05]} e6 {[%emt 0:00:03]} 4. Nc3 {[%emt 0:00:13]} Bb4 {[%emt 0:00:05]} 5. g3 {[%emt 0:00:18]} O-O {[%emt 0:00:13]} 6. Bg2 {[%emt 0:00:48]} dxc4 {[%emt 0:00:16]} 7. O-O {[%emt 0:00:40]} Nc6 {[%emt 0:01:01]} 8. Bg5 {[%emt 0:02:31]} h6 {[%emt 0:02:05]} 9. Bxf6 {[%emt 0:00:20]} Qxf6 {[%emt 0:00:08]} 10. e3 {[%emt 0:00:24]} Rb8 {[%emt 0:02:33]} 11. Nd2 {[%emt 0:02:55]} Na5 {[%emt 0:05:17]} 12. Qc2 {[%emt 0:03:44]} Bd7 {[%emt 0:15:14]} 13. a3 {[%emt 0:11:51]} Bxc3 {[%emt 0:04:39]} 14. Qxc3 {[%emt 0:00:07]} b6 {[%emt 0:01:27]} 15. Nxc4 {[%emt 0:20:05]} Bb5 {[%emt 0:00:26]} 16. Ne5 {[%emt 0:00:07]} Bxf1 {[%emt 0:18:40]} 17. Rxf1 {[%emt 0:00:16]} c5 {[%emt 0:02:15]} 18. Nd7 {[%emt 0:05:10]} Qe7 {[%emt 0:07:11]} 19. Nxf8 {[%emt 0:05:55]} Qxf8 {[%emt 0:01:50]} 20. d5 {[%emt 0:07:16]} exd5 {[%emt 0:06:48]} 21. Bxd5 {[%emt 0:00:31]} Nb7 {[%emt 0:05:32]} 22. Rd1 {[%emt 0:01:01]} Rd8 {[%emt 0:00:55]} 23. e4 {[%emt 0:07:22]} Rd7 {[%emt 0:06:45]} 24. Rd3 {[%emt 0:01:43]} Nd8 {[%emt 0:01:11]} 25. Qc4 {[%emt 0:03:39]} Kh8 {[%emt 0:03:06]} 26. Rf3 {[%emt 0:02:54]} Qe7 {[%emt 0:01:19]} 27. Kg2 {[%emt 0:00:26]} Rc7 {[%emt 0:02:03]} 28. h4 {[%emt 0:01:22]} Ne6 {[%emt 0:01:12]} 29. a4 {[%emt 0:01:14]} Qe8 {[%emt 0:00:49]} 30. Rd3 {[%emt 0:01:54]} Qe7 {[%emt 0:00:19]} 31. a5 {[%emt 0:04:40]} Rd7 {[%emt 0:02:13]} 32. axb6 {[%emt 0:01:26]} axb6 {[%emt 0:00:01]} 33. Rb3 {[%emt 0:00:25]} Qd6 {[%emt 0:03:27]} 34. Bxe6 {[%emt 0:05:02]} fxe6 {[%emt 0:00:19]} 35. Qb5 {[%emt 0:00:10]} Qd4 {[%emt 0:01:13]} 36. Rf3 {[%emt 0:01:42]} Kh7 {[%emt 0:00:45]} 37. Qc6 {[%emt 0:02:53]} Rd6 38. Qb5 {[%emt 0:00:01]} 1/2-1/2

[Event "Chinese Chess League Men 2019"]
[Site "Daqing"]
[Date "2019.06.22"]
[Round "4.5"]
[White "Bu, Xiangzhi"]
[Black "Dai, Changren"]
[Result "1-0"]
[WhiteElo "2729"]
[BlackElo "2480"]
[Annotator "TA"]
[PlyCount "69"]
[EventDate "2019.06.19"]
[EventType "team-tourn"]
[EventCountry "CHN"]
[SourceTitle "playchess.com"]
[Source "ChessBase"]
[SourceQuality "1"]

{[%evp 15,69,16,14,10,58,61,94,32,38,68,49,50,85,45,104,108,111,108,124,127,100,8,7,9,9,-108,109,113,102,108,116,104,108,118,136,148,148,158,157,143,176,172,232,229,231,235,291,218,334,259,267,267,513,507,481,450]} 1. Nf3 Nf6 2. c4 e6 3. g3 d5 4. Bg2 dxc4 5. Qa4+ Bd7 6. Qxc4 c5 7. d4 Bc6 8. dxc5 Nbd7 9. Be3 {E04: Open Catalan: 5 Nf3} Nd5 (9... Bd5) 10. Bd4 $1 Qa5+ 11. Nbd2 (11. Nc3 $16) 11... Bxc5 $146 ({Predecessor:} 11... Nxc5 12. O-O {½-½ (12) Zpevak,P (2343)-Papp,G (2583) Czech Republic 2017}) 12. Bxg7 Rg8 13. Bc3 $1 {[%cal Rc3a5]} Nxc3 14. bxc3 {[%cal Bb2c3,Bc3c4][%mdl 32]} Bd5 (14... Rc8 $14 15. Nb3 Qb6 16. Nxc5 Qxc5 17. Qxc5 Nxc5) 15. Qd3 $16 O-O-O 16. O-O Qc7 17. c4 Bc6 18. Qc3 (18. Nb3 $16) 18... Rxg3 $1 $11 19. hxg3 Qxg3 {Hoping for ...Rg8.} 20. e3 (20. Kh1 $11 {remains equal.} Qg6 21. e3) 20... Qg6 $2 (20... Qg4 $17 {( -> ...Rg8!)} 21. e4 (21. Ne1 $2 Bxg2 22. f3 Bxf3+ {[%mdl 64] Discovered Attack} 23. Kf2 Bc6 $19) 21... Rg8) 21. Rfd1 {Strongly threatening Kf1.} Rg8 {[%csl Gg8][%cal Rg6g2]} 22. Nh4 Qg4 {[%cal Rc6g2] [#]} 23. Kf1 $1 {Threatens to win with Bxc6.} Bxg2+ 24. Nxg2 {Black must now prevent Nf4.} Qxg2+ 25. Ke2 Qg4+ 26. Nf3 {[%cal Bd2f3,Bf3d4,Bd4e6][%mdl 32] Rg1 is the strong threat.} Rd8 27. Rg1 Qe4 28. Rad1 Bb6 (28... Be7 $142 29. Qd3 Qc6) 29. Rg7 $18 Rf8 {[#]} 30. Qd3 $1 Qc6 31. Nd4 (31. Rxh7 $6 Nf6 $18) 31... Qa4 (31... Qd6 {was worth a try.} 32. Nb5 (32. Qxh7 Qc5 $18) (32. Rxh7 Nf6 $18) 32... Qxd3+ 33. Rxd3 (33. Kxd3 Bc5 $18) 33... Bc5 34. Rxh7 a6) 32. Qb3 ({Don't take} 32. Rxh7 Nc5 $18) 32... Qa5 33. Qb5 ({Resist} 33. Rxh7 $6 Nc5 $18) 33... Qxa2+ $2 (33... Qxb5 34. cxb5 Nc5) 34. Rd2 Qa5 {[#]} 35. Nxe6 $1 {[%mdl 512] Accuracy: White = 57%, Black = 57%.} 1-0

[Event "Chinese Chess League Men 2019"]
[Site "Daqing"]
[Date "2019.06.22"]
[Round "4.6"]
[White "Li, Yankai"]
[Black "Wen, Yang"]
[Result "1-0"]
[WhiteElo "2432"]
[BlackElo "2588"]
[Annotator "ChessBase"]
[PlyCount "85"]
[EventDate "2019.06.19"]
[EventType "team-tourn"]
[EventCountry "CHN"]
[SourceTitle "playchess.com"]
[Source "ChessBase"]
[SourceQuality "1"]
[TimeControl "5400+30"]

1. d4 {[%emt 0:00:12]} Nf6 {[%emt 0:00:00]} 2. c4 {[%emt 0:00:12]} e6 {[%emt 0:00:00]} 3. g3 {[%emt 0:00:02]} d5 {[%emt 0:00:00]} 4. Bg2 {[%emt 0:00:03]} dxc4 {[%emt 0:00:00]} 5. Nf3 {[%emt 0:00:02]} Nc6 {[%emt 0:00:47]} 6. Qa4 {[%emt 0:00:06]} Bb4+ {[%emt 0:00:05]} 7. Bd2 {[%emt 0:00:03]} Nd5 {[%emt 0:00:20]} 8. Bxb4 {[%emt 0:00:07]} Ndxb4 {[%emt 0:06:28]} 9. O-O {[%emt 0:13:21]} Rb8 {[%emt 0:02:15]} 10. Na3 {[%emt 0:00:52]} O-O {[%emt 0:00:00]} 11. Qb5 {[%emt 0:00:12]} b6 {[%emt 0:00:00]} 12. Qxc4 {[%emt 0:00:06]} Ba6 {[%emt 0:00:00]} 13. Nb5 {[%emt 0:00:10]} Qe8 {[%emt 0:05:32]} 14. Rfc1 {[%emt 0:01:24]} Nd5 {[%emt 0:00:00]} 15. Qxc6 {[%emt 0:05:45]} Qxc6 {[%emt 0:00:00]} 16. Rxc6 {[%emt 0:00:04]} Bxb5 {[%emt 0:00:00]} 17. Rc2 {[%emt 0:00:15]} Rfc8 {[%emt 0:03:13]} 18. Rac1 {[%emt 0:04:06]} c5 {[%emt 0:06:37]} 19. dxc5 {[%emt 0:00:09]} Nb4 {[%emt 0:00:00]} 20. Rd2 {[%emt 0:05:44]} Nxa2 {[%emt 0:00:00]} 21. Ra1 {[%emt 0:00:14]} Nb4 {[%emt 0:06:28]} 22. cxb6 {[%emt 0:01:56]} axb6 {[%emt 0:02:21]} 23. h4 {[%emt 0:24:05]} Kf8 24. g4 {[%emt 0:35:10]} Nc6 {[%emt 0:03:19]} 25. e3 {[%emt 0:08:46]} Na5 {[%emt 0:03:55]} 26. Nd4 {[%emt 0:00:00]} Bd7 {[%emt 0:19:21]} 27. b4 {[%emt 0:00:19]} Nc4 {[%emt 0:00:00]} 28. Rdd1 {[%emt 0:27:34]} Rc7 {[%emt 0:05:14]} 29. Rdc1 {[%emt 0:00:52]} Rbc8 {[%emt 0:05:18]} 30. g5 {[%emt 0:01:19]} e5 {[%emt 0:19:17]} 31. Ne2 {[%emt 0:00:00]} Be6 {[%emt 0:00:03]} 32. Rc3 {[%emt 0:00:00]} Nb2 33. Rxc7 Rxc7 {[%emt 0:07:18]} 34. Ra8+ {[%emt 0:00:00]} Ke7 {[%emt 0:05:28]} 35. Rb8 {[%emt 0:00:00]} Na4 36. Ng3 {[%emt 0:07:16]} Rc4 {[%emt 0:00:38]} 37. b5 {[%emt 0:01:30]} Rxh4 {[%emt 0:01:40]} 38. Bc6 {[%emt 0:02:08]} Rg4 {[%emt 0:00:12]} 39. Kh2 {[%emt 0:01:01]} Rh4+ {[%emt 0:00:57]} 40. Kg2 {[%emt 0:00:45]} Rg4 {[%emt 0:01:09]} 41. Kf3 {[%emt 0:00:43]} Rb4 {[%emt 0:01:04]} 42. Ne4 {[%emt 0:00:34]} f5 {[%emt 0:00:16]} 43. Re8+ {[%emt 0:00:41]} 1-0